Lịch Thái Sơn La Q.6 Lịch Thái Sơn La

Giới thiệu lịch của người Thái Đen Sơn La từ năm 2024 đến năm 2048

Gespeichert in:
Bibliographische Detailangaben
1. Verfasser: Trần Vân Hạc
Weitere Verfasser: Cà Văn Chung
Format: Buch
Sprache:Vietnamese
Veröffentlicht: H. Khoa học xã hội 2015
Schlagworte:
Tags: Tag hinzufügen
Keine Tags, Fügen Sie den ersten Tag hinzu!
Thư viện lưu trữ: Mạng thư viện Đại học Đà Nẵng
LEADER 01061aam a22003378a 4500
001 000023710
003 20163
005 20160115110125.0
008 160115s2015 viesd
020 |d 2000b 
041 0 |a vie 
082 0 4 |2 23  |a 529.30959718  |b TR-H 
100 1 |a Trần Vân Hạc 
245 1 0 |a Lịch Thái Sơn La  |c Trần Vân Hạc, Cà Văn Chung  |n Q.6  |p Lịch Thái Sơn La 
260 |a H.  |b Khoa học xã hội  |c 2015 
300 |a 615 tr.  |b bảng, tranh vẽ  |c 21 cm. 
500 |a ĐTTS ghi: Hội Văn nghệ dân gian Việt Nam 
520 |a Giới thiệu lịch của người Thái Đen Sơn La từ năm 2024 đến năm 2048 
650 0 4 |2 Bộ TK TVQG  |a Lịch  |x Dân tộc Thái 
650 7 |2 Bộ TK TVQG 
651 7 |2 Bộ TK TVQG  |a Sơn La 
653 |a Lịch Thái Sơn La 
700 1 |a Cà Văn Chung 
OWN |a LSP 
999 |a From the UDN01 
TYP |a Monograph 
TYP |a Printed language 
980 |a Mạng thư viện Đại học Đà Nẵng